English Translation of the 1944 Soviet National Anthem - Statistics

General Stats
  • This quiz has been taken 280 times
  • The average score is 112 of 217
Answer Stats
LyricsTo % Correct
A
87%
Soviet
83%
The
80%
Union
79%
And
71%
Our
71%
For
70%
Republics
70%
In
69%
Lenin
69%
Great
66%
United
66%
People
65%
People's
65%
Free
64%
To
64%
Of
63%
Stalin
62%
We
60%
Forever
56%
Will
56%
Live
55%
Motherland
55%
Ever
53%
Friendship
52%
Us
52%
Long
51%
Labour
50%
Glory
47%
Mighty
47%
Lead
46%
By
45%
Flag
45%
Endure
43%
Through
43%
Ages
41%
Men
41%
Strong
41%
All
40%
Saw
40%
See
40%
Freedom
39%
Hand
39%
Fought
38%
Land
38%
Crimson
36%
Nations
36%
With
35%
Built
34%
Fire
34%
Inspire
34%
Leader
34%
May
33%
Love
31%
That
31%
Secure
30%
Shining
30%
Their
30%
Days
29%
Fortress
29%
Future
29%
Her
28%
Tried
27%
Build
26%
Dark
26%
Sun
26%
Up
26%
Faith
25%
Invaders
25%
Memory
25%
Destroyed
24%
Generations
24%
Name
24%
Where
24%
Above
23%
Bright
23%
Honour
23%
Brought
21%
Fame
21%
Stormy
21%
Eyes
20%
Homeland
20%
Inspired
20%
Laurels
18%
People's
17%
Dreams
13%
Glroy
7%
No matching quizzes found
Score Distribution
Percent of People with Each Score
Percentile by Number Answered
Your Score History
You have not taken this quiz